Представление документа в формате MARC21

ПолеНазваниеЗначение
  Тип записи a
  Библиографический уровень m
001 Контрольный номер RU\infra-m\znanium\bibl\2231525
005 Дата корректировки 20260429142311.5
008 Кодируемые данные 260120s2025 RU g rus u
020 Индекс ISBN __
a ISBN 978-5-9614-0601-6
040 Источник каталогиз. __
a Служба первич. каталог. Общество с ограниченной ответственностью «ЗНАНИУМ»
041 Код языка издания __
a Код языка текста rus
044 Код страны публикации __
a Код страны публикации RU
080 Индекс УДК __
a Индекс УДК 657
084 Индекс другой классификации/Индекс ББК __
2 Источник индекса rubbk
a Индекс другой классификации/Индекс ББК 6505
084 Индекс другой классификации/Индекс ББК __
2 Источник индекса okso
a Индекс другой классификации/Индекс ББК 38.03.01
084 Индекс другой классификации/Индекс ББК __
2 Источник индекса okso
a Индекс другой классификации/Индекс ББК 38.04.08
100 Автор __
a Автор Этрилл П.
q Полное имя Этрилл Питер
245 Заглавие __
a Заглавие Финансы и бухгалтерский учет для неспециалистов
b Продолж. заглавия Практическое пособие
250 Сведения об издании __
a Основные сведения об издании 2
260 Выходные данные __
a Место издания Москва
b Издательство ООО "Альпина Паблишер"
c Дата издания 2026
300 Физическое описание __
a Объем 502 с.
520 Аннотация __
a Аннотация Книга призвана помочь менеджерам среднего и высшего звена понять основы финансового менеджмента и бухгалтерского учета. Освоение этих «скучных» дисциплин необходимо для принятия взвешенных и эффективных управленческих решений. Материал построен таким образом чтобы его изучение было максимально быстрым полным и в то же время не слишком сложным. В книге много заданий примеров и вопросов облегчающих усвоение излагаемого материала. Эта книга более «дружелюбна к пользователю» чем обычный учебник ее легко читать. Теоретическая информация дополнена обширным иллюстративным материалом — выдержками из отчетов компаний данными исследований упражнениями и т. д. Главный акцент в книге сделан не на технических аспектах бухучета а на его основных принципах и понятиях а также на том как на практике использовать финансовую отчетность. Книга ориентирована на предпринимателей менеджеров среднего и высшего звена которые не имеют специального финансового и бухгалтерского образования студентов неэкономических специальностей.
521 Примеч. о цел. назн. __
a Примеч. о целев. назн. Дополнительное профессиональное образование
650 Тематические рубрики __
a Основная рубрика Экономика. Бухгалтерский учет. Финансы
x Основная подрубрика Бухгалтерский учет. Аудит
655 Указ. предметных рубрик (устаревшее) __
a Жанр/ форма (устаревшее) Практическое пособие
856 Электронный адрес документа 4_
a Имя сервера/домена znanium.ru
m Помощь ebs_support@infra-m.ru
n Местонахождение сервера НИЦ ИНФРА-М
u URL https://znanium.ru/catalog/document?id=471820
856 Электронный адрес документа 48
a Имя сервера/домена znanium.ru
d Путь /cover/2231
f Электронное имя 2231525.jpg
q Тип электронного формата image/jpeg
u URL https://znanium.ru/cover/2231/2231525.jpg
911 __
u 0030=https://znanium.ru/catalog/document?id=471820